International Newspaper Headlines Quiz Stats

 Plays Quiz Updated Jan 31, 2012

Score 0/20 Timer 06:00
0 Plays Today
Headline Country % Correct
Leipzig Celebrating the Beginning of the FallGermany
90.1%
Labour Odds-On to Avoid Second Upset in Glasgow By-ElectionUnited Kingdom
84.9%
Gov't Dismisses Call for More Texas Border FencingUnited States
82%
Amnesty International Demands Protection Inspector of the ECHR in ChihuahuaMexico
78.9%
Kiwis show Generosity to Pacific NeighboursNew Zealand
75%
Small Fire Keeps B.C. Ferry DockedCanada
73.7%
Man Charged Over Cork Road DeathIreland
72.6%
Ruble Surges to New ’09 HighRussia
70.4%
Miss S'pore World FoundSingapore
68.8%
Haraguchi Positive on Foreigner Voting RightsJapan
64.2%
Headline Country % Correct
Peronist Dissidents Criticize Media BillArgentina
53.8%
Walesa Surprised Nobel Prize for Obama: 'There is no contribution'Poland
51.3%
States 'Risking' Murray-Darling HealthAustralia
50.2%
Prostitution row: Tamil Editor ReleasedIndia
48.9%
'The World' Has Been Pro-Polanski?France
47.5%
Saudi Arabian Airlines to Install Mobile and WiFi Internet on A330 AircraftsUnited Arab Emirates
44.3%
Peres, Barak Congratulate Barack ObamaIsrael
41.6%
Baykal Receives Long-Awaited Letter From ErdoğanTurkey
27.7%
The Present and Future of the Church in AfricaVatican City
18.9%
Popular Northern Brand Lapin Kulta is to Leave Tornio Finland
12.5%

You're not logged in!

Compare scores with friends on all Sporcle quizzes.
OR
Log In

Sporcle TV

Today on Sporcle TV


Watch our educational content, quiz creation guides, and fun videos on Sporcle TV.

Show Comments

Extras

Top Quizzes Today


Score Distribution

Your Account Isn't Verified!

In order to create a playlist on Sporcle, you need to verify the email address you used during registration. Go to your Sporcle Settings to finish the process.

Report this User

Report this user for behavior that violates our Community Guidelines.

Details: